000 00661nam a2200193 a 4500
003 0
005 20250422113836.0
008 060729s19uu xx 00 eng d
050 _aPHS HD 2346
_b.D4 2006
100 _ade Leon, Luigi L.
245 _aEffects of price increase on the economic condition of ambulant vendors /
_cLuigi L. de Leon.
260 _aLas PiƱas City, Philippines :
_bSouthville International School and Colleges,
_c2006.
300 _a35 pages :
_billustrations ;
_c28 cm.
504 _aIncludes bibliographical references.
650 _aStreet vendors.
650 _aPrice increases.
650 _aSmall business.
942 _2lcc
_cPASS
999 _c97594
_d97594